000 00300nam a22001217a 4500
008 170529b xxu||||| |||| 00| 0 eng d
041 _aeng
080 _a621(075.8)
100 _a26
101 _aIM
245 _aMATERIALS SCIENCE AND TECHNOLOGY FOR DESIGN ENGINEERS
_cJAVITZ, A.E
942 _2udc
_cBK
999 _c14898
_d14898